[Event "2024 National Middle School Championship"]
[Site "Atlanta, Georgia, United States"]
[Date "2024.05.12"]
[Round "6.11"]
[White "Zhang, Sunny"]
[Black "Singh, Siddharth"]
[Result "0-1"]
[TimeControl "G/90;d10"]
[WhiteElo "1939"]
[BlackElo "2204"]

1. e4 {[%clk 01:30:00]} {[%emt 00:00:01]} c5 {[%clk 01:30:00]} {[%emt
00:00:07]} 2. Nf3 {[%clk 01:30:00]} {[%emt 00:00:04]} d6 {[%clk 01:30:00]}
{[%emt 00:00:05]} 3. d4 {[%clk 01:30:00]} {[%emt 00:00:04]} cxd4 {[%clk
01:30:00]} {[%emt 00:00:05]} 4. Nxd4 {[%clk 01:30:00]} {[%emt 00:00:05]} Nf6
{[%clk 01:30:00]} {[%emt 00:00:04]} 5. Nc3 {[%clk 01:30:00]} {[%emt 00:00:04]}
a6 {[%clk 01:30:00]} {[%emt 00:00:04]} 6. h3 {[%clk 01:30:00]} {[%emt
00:00:07]} e5 {[%clk 01:30:00]} {[%emt 00:00:04]} 7. Nf3 {[%clk 01:30:00]}
{[%emt 00:00:04]} Be7 {[%clk 01:30:00]} {[%emt 00:00:05]} 8. g4 {[%clk
01:29:18]} {[%emt 00:00:52]} h6 {[%clk 01:30:00]} {[%emt 00:00:10]} 9. Rg1
{[%clk 01:29:18]} {[%emt 00:00:08]} Nbd7 {[%clk 01:27:56]} {[%emt 00:02:14]} 10.
Bc4 {[%clk 01:26:36]} {[%emt 00:02:52]} b5 {[%clk 01:08:15]} {[%emt 00:19:51]}
11. Bb3 {[%emt 00:09:38]} Nc5 {[%clk 01:07:00]} 12. g5 {[%clk 01:12:49]} {[%emt
00:05:55]} hxg5 {[%clk 01:06:55]} {[%emt 00:00:15]} 13. Nxg5 {[%clk 01:12:33]}
{[%emt 00:00:25]} Nxb3 {[%clk 01:06:55]} {[%emt 00:00:07]} 14. axb3 {[%clk
01:12:32]} {[%emt 00:00:12]} Bb7 {[%clk 01:06:12]} {[%emt 00:00:53]} 15. Be3
{[%clk 01:10:05]} {[%emt 00:02:36]} Rc8 {[%clk 01:03:00]} {[%emt 00:03:22]} 16.
Qd3 {[%clk 01:04:49]} {[%emt 00:05:23]} Qc7 {[%clk 01:01:27]} {[%emt 00:01:46]}
17. O-O-O {[%clk 01:00:42]} {[%emt 00:04:17]} Rh4 {[%clk 00:57:49]} {[%emt
00:03:49]} 18. Kb1 {[%clk 00:58:58]} {[%emt 00:01:53]} g6 {[%clk 00:55:39]}
{[%emt 00:02:20]} 19. Nd5 {[%clk 00:56:54]} {[%emt 00:02:14]} Bxd5 {[%clk
00:54:25]} {[%emt 00:01:23]} 20. exd5 {[%clk 00:56:54]} {[%emt 00:00:07]} Nh5
{[%clk 00:50:46]} {[%emt 00:03:48]} 21. Nxf7 {[%clk 00:54:15]} {[%emt
00:02:50]} e4 {[%clk 00:50:38]} {[%emt 00:00:19]} 22. Nxd6+ {[%clk 00:49:47]}
{[%emt 00:04:37]} Qxd6 {[%clk 00:50:38]} {[%emt 00:00:10]} 23. Qd4 {[%clk
00:46:24]} {[%emt 00:03:34]} Kf7 {[%clk 00:48:22]} {[%emt 00:02:25]} 24. c4
{[%clk 00:39:52]} {[%emt 00:06:42]} Nf6 {[%clk 00:41:10]} {[%emt 00:07:22]} 25.
f3 {[%clk 00:33:55]} {[%emt 00:06:08]} bxc4 {[%clk 00:16:42]} {[%emt 00:24:38]}
26. bxc4 {[%clk 00:31:17]} {[%emt 00:02:48]} Rxh3 {[%clk 00:16:42]} {[%emt
00:00:05]} 27. fxe4 {[%clk 00:30:32]} {[%emt 00:00:54]} Rxe3 {[%clk 00:16:42]}
{[%emt 00:00:04]} 28. Qxe3 {[%clk 00:30:29]} {[%emt 00:00:13]} Qe5 {[%clk
00:16:42]} {[%emt 00:00:02]} 29. Qd3 {[%clk 00:26:11]} {[%emt 00:04:27]} Qxe4
{[%clk 00:15:07]} {[%emt 00:01:45]} 30. d6 {[%clk 00:24:09]} {[%emt 00:02:13]}
Bd8 {[%clk 00:13:47]} {[%emt 00:01:30]} 31. Qxe4 {[%clk 00:22:28]} {[%emt
00:01:52]} Nxe4 {[%clk 00:13:47]} {[%emt 00:00:01]} 32. Rdf1+ {[%clk 00:19:28]}
{[%emt 00:03:09]} Kg7 {[%clk 00:13:26]} {[%emt 00:00:32]} 33. Re1 {[%clk
00:18:13]} {[%emt 00:01:24]} Rxc4 {[%clk 00:12:16]} {[%emt 00:01:21]} 34. b3
{[%clk 00:17:41]} {[%emt 00:00:42]} Rd4 {[%clk 00:12:16]} {[%emt 00:00:06]} 35.
d7 {[%clk 00:17:01]} {[%emt 00:00:50]} g5 {[%clk 00:06:27]} {[%emt 00:05:59]}
36. Kc2 {[%clk 00:16:10]} {[%emt 00:01:01]} Kf6 {[%clk 00:04:35]} {[%emt
00:02:02]} 37. Rg4 {[%clk 00:14:33]} {[%emt 00:01:47]} Kf5 {[%clk 00:04:35]}
{[%emt 00:00:05]} 38. Rgg1 {[%clk 00:14:30]} {[%emt 00:00:12]} Rxd7 {[%clk
00:04:28]} {[%emt 00:00:17]} 39. Rgf1+ {[%clk 00:14:23]} {[%emt 00:00:17]} Ke5
{[%clk 00:04:28]} {[%emt 00:00:03]} 40. Re3 {[%clk 00:14:02]} {[%emt 00:00:31]}
Bb6 {[%clk 00:04:22]} {[%emt 00:00:17]} 41. Rd3 {[%clk 00:13:51]} {[%emt
00:00:20]} Rxd3 {[%clk 00:04:22]} {[%emt 00:00:08]} 42. Kxd3 {[%clk 00:13:51]}
{[%emt 00:00:01]} Nf2+ {[%clk 00:03:39]} {[%emt 00:00:54]} 43. Ke2 {[%clk
00:13:51]} {[%emt 00:00:05]} g4 {[%clk 00:03:34]} {[%emt 00:00:15]} 44. b4
{[%clk 00:13:35]} {[%emt 00:00:27]} Ke4 {[%clk 00:02:13]} {[%emt 00:01:31]} 45.
Ra1 {[%clk 00:13:14]} {[%emt 00:00:30]} g3 {[%clk 00:02:13]} 46. Kf1 {[%clk
00:12:56]} {[%emt 00:00:28]} Kf3 {[%clk 00:02:13]} {[%emt 00:00:02]} 47. Ra3+
{[%clk 00:12:56]} {[%emt 00:00:02]} Be3 {[%clk 00:02:13]} 48. Ra1 {[%clk
00:12:04]} {[%emt 00:01:02]} g2+ {[%clk 00:02:12]} {[%emt 00:00:11]} 49. Kg1
{[%clk 00:12:04]} {[%emt 00:00:02]} Ng4# {[%clk 00:02:12]} {[%emt 00:00:02]}
0-1

[Event "2024 National Middle School Championship"]
[Site "Atlanta, Georgia, United States"]
[Date "2024.05.12"]
[Round "6.12"]
[White "Williams, Oscar Izzy"]
[Black "Chang, Luca"]
[Result "1-0"]
[TimeControl "G/90;d10"]
[WhiteElo "2160"]
[BlackElo "1938"]

1. e4 {[%clk 01:30:00]} {[%emt 00:00:04]} e5 {[%clk 01:28:21]} {[%emt
00:01:48]} 2. Nf3 {[%clk 01:30:00]} {[%emt 00:00:05]} Nc6 {[%clk 01:28:16]}
{[%emt 00:00:14]} 3. Bb5 {[%clk 01:30:00]} {[%emt 00:00:04]} a6 {[%clk
01:28:15]} {[%emt 00:00:10]} 4. Ba4 {[%clk 01:30:00]} {[%emt 00:00:06]} d6
{[%clk 01:27:57]} {[%emt 00:00:27]} 5. O-O {[%clk 01:29:55]} {[%emt 00:00:15]}
Bg4 {[%clk 01:27:40]} {[%emt 00:00:24]} 6. c3 {[%clk 01:29:55]} {[%emt
00:00:07]} Qf6 {[%clk 01:27:04]} {[%emt 00:00:44]} 7. d3 {[%clk 01:28:47]}
{[%emt 00:01:20]} Nge7 {[%clk 01:22:43]} {[%emt 00:04:30]} 8. Nbd2 {[%clk
01:26:58]} {[%emt 00:02:00]} g5 {[%clk 01:18:38]} {[%emt 00:04:14]} 9. Bxc6+
{[%clk 01:19:46]} {[%emt 00:07:24]} Nxc6 {[%clk 01:04:15]} {[%emt 00:14:32]} 10.
Nc4 {[%clk 01:18:20]} {[%emt 00:01:36]} Bxf3 {[%clk 00:59:59]} {[%emt
00:04:26]} 11. Qxf3 {[%clk 01:18:09]} {[%emt 00:00:21]} Qxf3 {[%clk 00:59:49]}
{[%emt 00:00:20]} 12. gxf3 {[%clk 01:18:09]} {[%emt 00:00:07]} f6 {[%clk
00:53:07]} {[%emt 00:06:51]} 13. Ne3 {[%clk 01:16:50]} {[%emt 00:01:30]} Ne7
{[%clk 00:44:05]} {[%emt 00:09:10]} 14. Rd1 {[%clk 01:12:49]} {[%emt 00:04:12]}
c6 {[%clk 00:41:34]} {[%emt 00:02:40]} 15. d4 {[%clk 01:09:29]} {[%emt
00:03:31]} Rd8 {[%clk 00:36:28]} {[%emt 00:05:13]} 16. b3 {[%clk 00:53:44]}
{[%emt 00:15:58]} c5 {[%clk 00:22:27]} {[%emt 00:14:11]} 17. Kf1 {[%clk
00:48:19]} {[%emt 00:05:35]} Nc6 {[%clk 00:20:35]} {[%emt 00:02:01]} 18. dxc5
{[%clk 00:43:51]} {[%emt 00:04:40]} dxc5 {[%clk 00:20:35]} {[%emt 00:00:01]} 19.
Nd5 {[%clk 00:41:59]} {[%emt 00:02:02]} Kf7 {[%clk 00:19:11]} {[%emt 00:01:33]}
20. Be3 {[%clk 00:38:38]} {[%emt 00:03:32]} Bd6 {[%clk 00:17:39]} {[%emt
00:01:41]} 21. Rab1 {[%clk 00:37:45]} {[%emt 00:01:05]} Ke6 {[%clk 00:15:50]}
{[%emt 00:01:58]} 22. h3 {[%clk 00:33:40]} {[%emt 00:04:16]} b5 {[%clk
00:14:29]} {[%emt 00:01:29]} 23. b4 {[%clk 00:30:44]} {[%emt 00:03:07]} cxb4
{[%clk 00:11:53]} {[%emt 00:02:47]} 24. cxb4 {[%clk 00:30:14]} {[%emt
00:00:39]} Rb8 {[%clk 00:09:47]} {[%emt 00:02:11]} 25. a3 {[%clk 00:20:12]}
{[%emt 00:10:18]} Rhd8 {[%clk 00:08:48]} {[%emt 00:01:08]} 26. Rbc1 {[%clk
00:19:52]} {[%emt 00:00:31]} Rbc8 {[%clk 00:08:12]} {[%emt 00:00:46]} 27. Bb6
{[%clk 00:16:49]} {[%emt 00:03:12]} Rd7 {[%clk 00:07:19]} {[%emt 00:01:02]} 28.
Rc3 {[%clk 00:15:42]} {[%emt 00:01:19]} Ne7 {[%clk 00:06:35]} {[%emt 00:00:51]}
29. Rcd3 {[%clk 00:14:09]} {[%emt 00:01:45]} Rb8 {[%clk 00:04:26]} {[%emt
00:02:19]} 30. Ba5 {[%clk 00:07:36]} {[%emt 00:06:44]} Nc8 {[%clk 00:01:39]}
{[%emt 00:02:57]} 31. Nc7+ {[%clk 00:04:32]} {[%emt 00:03:14]} Rxc7 {[%clk
00:01:26]} {[%emt 00:00:23]} 32. Rxd6+ {[%clk 00:04:32]} {[%emt 00:00:10]} Nxd6
{[%clk 00:01:26]} 33. Bxc7 {[%clk 00:04:32]} {[%emt 00:00:02]} Rc8 {[%clk
00:01:26]} 34. Rxd6+ {[%clk 00:04:30]} {[%emt 00:00:11]} Ke7 {[%clk 00:01:26]}
35. Rc6 {[%clk 00:04:05]} {[%emt 00:00:36]} Kd7 {[%clk 00:01:26]} {[%emt
00:00:01]} 36. Rxf6 {[%clk 00:03:46]} {[%emt 00:00:28]} Rxc7 {[%clk 00:01:26]}
{[%emt 00:00:09]} 37. Rxa6 {[%clk 00:02:54]} {[%emt 00:01:02]} Rc3 {[%clk
00:01:26]} {[%emt 00:00:07]} 38. Kg2 {[%clk 00:02:40]} {[%emt 00:00:24]} Ke7
{[%clk 00:01:22]} {[%emt 00:00:14]} 39. Ra5 {[%clk 00:02:14]} {[%emt 00:00:37]}
Kf6 {[%clk 00:01:22]} {[%emt 00:00:06]} 40. Ra6+ {[%clk 00:02:07]} {[%emt
00:00:17]} Kf7 {[%clk 00:01:22]} {[%emt 00:00:02]} 41. Rb6 {[%clk 00:01:35]}
{[%emt 00:00:43]} Rxa3 {[%clk 00:01:22]} {[%emt 00:00:06]} 42. Rxb5 {[%clk
00:01:35]} {[%emt 00:00:02]} Kf6 {[%clk 00:01:22]} 43. Rb6+ {[%clk 00:01:35]}
{[%emt 00:00:07]} Kf7 {[%clk 00:01:22]} {[%emt 00:00:06]} 44. Kg3 {[%clk
00:01:17]} {[%emt 00:00:28]} h5 {[%clk 00:01:22]} {[%emt 00:00:07]} 45. Rb7+
{[%clk 00:01:04]} {[%emt 00:00:23]} Kf6 {[%clk 00:01:22]} {[%emt 00:00:02]} 46.
b5 {[%clk 00:01:04]} {[%emt 00:00:07]} Rb3 {[%clk 00:01:22]} 47. Rb8 {[%clk
00:01:04]} {[%emt 00:00:05]} Kg6 {[%clk 00:01:22]} {[%emt 00:00:04]} 48. b6
{[%clk 00:01:04]} {[%emt 00:00:04]} h4+ {[%clk 00:01:21]} {[%emt 00:00:11]} 49.
Kg4 {[%clk 00:00:32]} {[%emt 00:00:41]} Rb1 {[%clk 00:01:15]} {[%emt 00:00:17]}
50. Rg8+ {[%clk 00:00:32]} {[%emt 00:00:01]} Kf6 {[%clk 00:01:15]} 51. Kh5
{[%clk 00:00:26]} {[%emt 00:00:16]} Kf7 {[%clk 00:01:10]} {[%emt 00:00:15]} 52.
Rxg5 {[%clk 00:00:26]} {[%emt 00:00:04]} Rxb6 {[%clk 00:01:10]} 53. Rxe5 {[%clk
00:00:26]} {[%emt 00:00:06]} Rb2 {[%clk 00:01:10]} {[%emt 00:00:09]} 54. Kxh4
{[%clk 00:00:26]} {[%emt 00:00:06]} Rxf2 {[%clk 00:01:10]} 55. Rf5+ {[%clk
00:00:26]} {[%emt 00:00:05]} Kg6 {[%clk 00:01:10]} 56. Kg3 {[%clk 00:00:26]}
{[%emt 00:00:03]} Ra2 {[%clk 00:01:10]} {[%emt 00:00:05]} 57. h4 {[%clk
00:00:26]} {[%emt 00:00:02]} Ra1 {[%clk 00:01:10]} {[%emt 00:00:02]} 58. h5+
{[%clk 00:00:26]} {[%emt 00:00:01]} Kh6 {[%clk 00:01:10]} {[%emt 00:00:01]} 59.
Kf4 {[%clk 00:00:26]} {[%emt 00:00:02]} Ra4 {[%clk 00:01:10]} {[%emt 00:00:04]}
60. Ke3 {[%clk 00:00:26]} {[%emt 00:00:07]} Ra3+ {[%clk 00:01:10]} {[%emt
00:00:01]} 61. Kd4 {[%clk 00:00:26]} Ra4+ {[%clk 00:01:10]} {[%emt 00:00:02]}
62. Ke5 {[%clk 00:00:26]} {[%emt 00:00:04]} Ra5+ {[%clk 00:01:01]} {[%emt
00:00:20]} 63. Kf4 {[%clk 00:00:26]} Ra3 {[%clk 00:01:01]} 64. Kg4 {[%clk
00:00:26]} {[%emt 00:00:09]} Ra1 {[%clk 00:01:01]} {[%emt 00:00:05]} 65. Rf6+
{[%clk 00:00:26]} {[%emt 00:00:02]} Kg7 {[%clk 00:01:01]} {[%emt 00:00:02]} 66.
Kf5 {[%clk 00:00:26]} {[%emt 00:00:05]} Ra5+ {[%clk 00:01:01]} {[%emt
00:00:06]} 67. e5 {[%clk 00:00:26]} Ra3 {[%clk 00:01:01]} 68. f4 {[%clk
00:00:26]} {[%emt 00:00:03]} Rh3 {[%clk 00:01:01]} {[%emt 00:00:02]} 69. h6+
{[%clk 00:00:26]} {[%emt 00:00:03]} Kh7 {[%clk 00:01:01]} 70. Ke6 {[%clk
00:00:26]} {[%emt 00:00:09]} Ra3 {[%clk 00:01:01]} {[%emt 00:00:04]} 71. Kd5
{[%clk 00:00:26]} {[%emt 00:00:10]} Ra5+ {[%clk 00:01:01]} {[%emt 00:00:05]} 72.
Ke4 {[%clk 00:00:26]} Ra4+ {[%clk 00:01:01]} 73. Kf5 {[%clk 00:00:26]} {[%emt
00:00:02]} Rb4 {[%clk 00:01:01]} {[%emt 00:00:02]} 74. Kg5 {[%clk 00:00:26]}
{[%emt 00:00:04]} Rb2 {[%clk 00:01:01]} {[%emt 00:00:03]} 75. Rf7+ {[%clk
00:00:26]} {[%emt 00:00:02]} Kg8 {[%clk 00:01:01]} 76. Kf6 {[%clk 00:00:23]}
{[%emt 00:00:13]} Rh2 {[%clk 00:01:01]} {[%emt 00:00:03]} 77. Ke7 {[%clk
00:00:11]} {[%emt 00:00:22]} Rxh6 {[%clk 00:01:01]} {[%emt 00:00:10]} 78. e6
{[%clk 00:00:11]} Rh1 {[%clk 00:01:01]} {[%emt 00:00:07]} 79. f5 {[%clk
00:00:11]} {[%emt 00:00:05]} Ra1 {[%clk 00:01:01]} {[%emt 00:00:03]} 80. Kf6
{[%clk 00:00:11]} {[%emt 00:00:04]} Ra6 {[%clk 00:01:01]} {[%emt 00:00:03]} 81.
Rb7 {[%clk 00:00:11]} {[%emt 00:00:02]} Rc6 {[%clk 00:00:54]} {[%emt 00:00:17]}
82. Rb8+ {[%clk 00:00:11]} {[%emt 00:00:02]} Kh7 {[%clk 00:00:54]} 83. Rb7+
{[%clk 00:00:11]} {[%emt 00:00:03]} Kg8 {[%clk 00:00:54]} 84. Ke7 {[%clk
00:00:11]} {[%emt 00:00:10]} Rc2 {[%clk 00:00:51]} {[%emt 00:00:13]} 85. f6
{[%clk 00:00:11]} {[%emt 00:00:02]} Rf2 {[%clk 00:00:51]} {[%emt 00:00:03]} 86.
f7+ {[%clk 00:00:11]} {[%emt 00:00:06]} Kg7 {[%clk 00:00:51]} 87. Rb8 {[%clk
00:00:11]} {[%emt 00:00:03]} Rf6 {[%clk 00:00:41]} {[%emt 00:00:20]} 88. Rg8
{[%clk 00:00:11]} {[%emt 00:00:03]} Kh7 {[%emt 00:00:02]} 1-0

[Event "2024 National Middle School Championship"]
[Site "Atlanta, Georgia, United States"]
[Date "2024.05.12"]
[Round "6.13"]
[White "Zhou, Brian Xing"]
[Black "Kao, Jamison Edrich"]
[Result "1-0"]
[TimeControl "G/90;d10"]
[WhiteElo "1964"]
[BlackElo "2139"]

1. e4 {[%clk 01:30:00]} {[%emt 00:00:01]} c5 {[%clk 01:30:00]} {[%emt
00:00:02]} 2. Nf3 {[%clk 01:30:00]} {[%emt 00:00:03]} d6 {[%clk 01:30:00]}
{[%emt 00:00:02]} 3. d4 {[%clk 01:30:00]} {[%emt 00:00:02]} cxd4 {[%clk
01:30:00]} {[%emt 00:00:02]} 4. Nxd4 {[%clk 01:30:00]} {[%emt 00:00:02]} Nf6
{[%clk 01:30:00]} {[%emt 00:00:04]} 5. Nc3 {[%clk 01:30:00]} Bd7 {[%clk
01:30:00]} {[%emt 00:00:03]} 6. Bb5 {[%clk 01:07:57]} {[%emt 00:22:13]} Bxb5
{[%clk 01:24:50]} {[%emt 00:05:21]} 7. Ndxb5 {[%clk 01:07:57]} {[%emt
00:00:07]} a6 {[%clk 01:24:50]} {[%emt 00:00:03]} 8. Nd4 {[%clk 01:07:57]}
{[%emt 00:00:04]} e6 {[%clk 01:24:50]} {[%emt 00:00:03]} 9. Be3 {[%clk
01:07:24]} {[%emt 00:00:43]} Be7 {[%clk 01:24:50]} {[%emt 00:00:05]} 10. Qe2
{[%clk 01:07:24]} {[%emt 00:00:05]} Nbd7 {[%clk 01:24:46]} {[%emt 00:00:14]} 11.
g4 {[%clk 00:55:52]} {[%emt 00:11:41]} Nc5 {[%clk 01:23:31]} {[%emt 00:01:25]}
12. f3 {[%clk 00:55:36]} {[%emt 00:00:27]} b5 {[%clk 01:23:31]} {[%emt
00:00:06]} 13. Nc6 {[%clk 00:41:59]} {[%emt 00:13:47]} Qc7 {[%clk 01:23:29]}
{[%emt 00:00:11]} 14. Nxe7 {[%clk 00:41:59]} {[%emt 00:00:07]} Qxe7 {[%clk
01:23:01]} {[%emt 00:00:39]} 15. Qd2 {[%clk 00:41:54]} {[%emt 00:00:15]} O-O
{[%clk 01:22:35]} {[%emt 00:00:35]} 16. O-O-O {[%clk 00:41:34]} {[%emt
00:00:30]} Rfd8 {[%clk 01:22:18]} {[%emt 00:00:27]} 17. e5 {[%clk 00:40:33]}
{[%emt 00:01:11]} Nd5 {[%clk 01:13:33]} {[%emt 00:08:55]} 18. Nxd5 {[%clk
00:39:28]} {[%emt 00:01:15]} exd5 {[%clk 01:13:33]} {[%emt 00:00:02]} 19. Bg5
{[%clk 00:39:17]} {[%emt 00:00:22]} Qxe5 {[%clk 01:13:22]} {[%emt 00:00:21]} 20.
Rhe1 {[%clk 00:39:07]} {[%emt 00:00:19]} f6 {[%clk 01:12:22]} {[%emt 00:01:10]}
21. Bf4 {[%clk 00:38:46]} {[%emt 00:00:31]} Ne4 {[%clk 01:12:22]} {[%emt
00:00:03]} 22. fxe4 {[%clk 00:38:46]} {[%emt 00:00:08]} Qe7 {[%clk 01:12:22]}
{[%emt 00:00:03]} 23. exd5 {[%clk 00:38:01]} {[%emt 00:00:55]} 1-0

[Event "2024 National Middle School Championship"]
[Site "Atlanta, Georgia, United States"]
[Date "2024.05.12"]
[Round "6.14"]
[White "You, Eden"]
[Black "Gui, Suyuan"]
[Result "1-0"]
[TimeControl "G/90;d10"]
[WhiteElo "1930"]
[BlackElo "2073"]

1. e4 {[%clk 01:24:43]} {[%emt 00:05:26]} c6 {[%clk 01:30:00]} {[%emt
00:00:04]} 2. d4 {[%clk 01:24:42]} {[%emt 00:00:11]} d5 {[%clk 01:30:00]}
{[%emt 00:00:03]} 3. exd5 {[%clk 01:24:41]} {[%emt 00:00:11]} cxd5 {[%clk
01:30:00]} {[%emt 00:00:05]} 4. Bd3 {[%clk 01:24:38]} {[%emt 00:00:12]} Nc6
{[%clk 01:30:00]} {[%emt 00:00:05]} 5. c3 {[%clk 01:24:25]} {[%emt 00:00:23]}
Nf6 {[%clk 01:30:00]} {[%emt 00:00:08]} 6. h3 {[%clk 01:24:20]} {[%emt
00:00:15]} g6 {[%clk 01:29:54]} {[%emt 00:00:17]} 7. Nf3 {[%clk 01:23:16]}
{[%emt 00:01:12]} Bf5 {[%clk 01:29:54]} {[%emt 00:00:09]} 8. Bxf5 {[%clk
01:20:07]} {[%emt 00:03:19]} gxf5 {[%clk 01:29:54]} {[%emt 00:00:05]} 9. Bf4
{[%clk 01:17:19]} {[%emt 00:02:57]} e6 {[%clk 01:24:07]} {[%emt 00:05:58]} 10.
Qe2 {[%clk 01:10:48]} {[%emt 00:06:39]} Bg7 {[%clk 01:20:52]} {[%emt 00:03:26]}
11. Nbd2 {[%clk 01:05:22]} {[%emt 00:05:35]} Ne4 {[%clk 01:18:29]} {[%emt
00:02:34]} 12. g4 {[%clk 00:56:12]} {[%emt 00:09:20]} Qf6 {[%clk 00:57:37]}
{[%emt 00:21:02]} 13. Be5 {[%clk 00:48:38]} {[%emt 00:07:43]} Nxe5 {[%clk
00:56:49]} {[%emt 00:00:59]} 14. Nxe5 {[%clk 00:46:23]} {[%emt 00:02:24]} O-O-O
{[%clk 00:53:02]} {[%emt 00:03:59]} 15. Rg1 {[%clk 00:35:43]} {[%emt 00:10:48]}
Nxd2 {[%clk 00:45:07]} {[%emt 00:08:06]} 16. Kxd2 {[%clk 00:29:58]} {[%emt
00:05:55]} Bh6+ {[%clk 00:40:15]} {[%emt 00:05:02]} 17. Kc2 {[%clk 00:28:33]}
{[%emt 00:01:35]} Bf4 {[%clk 00:36:09]} {[%emt 00:04:15]} 18. Nd3 {[%clk
00:22:57]} {[%emt 00:05:46]} fxg4 {[%clk 00:33:27]} {[%emt 00:02:53]} 19. Rxg4
{[%clk 00:19:08]} {[%emt 00:03:59]} Bd6 {[%clk 00:32:45]} {[%emt 00:00:51]} 20.
Rag1 {[%clk 00:16:36]} {[%emt 00:02:41]} a6 {[%clk 00:28:12]} {[%emt 00:04:45]}
21. Rg7 {[%clk 00:14:58]} {[%emt 00:01:46]} Bf8 {[%clk 00:26:58]} {[%emt
00:01:26]} 22. R7g4 {[%clk 00:13:52]} {[%emt 00:01:15]} Bd6 {[%clk 00:26:58]}
{[%emt 00:00:10]} 23. f4 {[%clk 00:12:02]} {[%emt 00:01:59]} h5 {[%clk
00:19:58]} {[%emt 00:07:11]} 24. R4g2 {[%clk 00:11:37]} {[%emt 00:00:33]} Rh6
{[%clk 00:16:36]} {[%emt 00:03:33]} 25. Qe3 {[%clk 00:09:34]} {[%emt 00:02:12]}
Qh8 {[%clk 00:14:26]} {[%emt 00:02:21]} 26. Ne5 {[%clk 00:08:41]} {[%emt
00:01:01]} Rf6 {[%clk 00:13:53]} {[%emt 00:00:45]} 27. Rg7 {[%clk 00:08:09]}
{[%emt 00:00:42]} Rf8 {[%clk 00:13:17]} {[%emt 00:00:47]} 28. Nxf7 {[%clk
00:05:33]} {[%emt 00:02:45]} Bxf4 {[%clk 00:11:18]} {[%emt 00:02:09]} 29. Qe2
{[%clk 00:03:25]} {[%emt 00:02:15]} R8xf7 {[%clk 00:05:42]} {[%emt 00:05:50]}
30. Rxf7 {[%clk 00:02:53]} {[%emt 00:00:41]} Qd8 {[%clk 00:05:40]} {[%emt
00:00:12]} 31. Rxf6 {[%clk 00:02:48]} {[%emt 00:00:15]} Qxf6 {[%clk 00:05:40]}
{[%emt 00:00:05]} 32. Qxh5 {[%clk 00:02:45]} {[%emt 00:00:13]} Bd6 {[%clk
00:05:09]} {[%emt 00:00:42]} 33. Rg8+ {[%clk 00:02:40]} {[%emt 00:00:15]} Kc7
{[%clk 00:05:09]} {[%emt 00:00:05]} 34. Rg2 {[%clk 00:01:48]} {[%emt 00:01:01]}
a5 {[%clk 00:04:20]} {[%emt 00:01:01]} 35. Qg6 {[%clk 00:01:40]} {[%emt
00:00:16]} Qf1 {[%clk 00:03:22]} {[%emt 00:01:09]} 36. h4 {[%clk 00:00:59]}
{[%emt 00:00:50]} a4 {[%clk 00:03:22]} {[%emt 00:00:10]} 37. h5 {[%clk
00:00:39]} {[%emt 00:00:30]} Kb6 {[%clk 00:01:03]} {[%emt 00:02:30]} 38. h6
{[%clk 00:00:36]} {[%emt 00:00:12]} Ka7 {[%clk 00:01:03]} {[%emt 00:00:06]} 39.
h7 {[%clk 00:00:26]} {[%emt 00:00:19]} Bf4 {[%clk 00:01:01]} {[%emt 00:00:12]}
40. Rg1 {[%clk 00:00:26]} {[%emt 00:00:06]} Qh3 {[%clk 00:00:18]} {[%emt
00:00:53]} 41. Rg2 {[%clk 00:00:23]} {[%emt 00:00:13]} Qe3 {[%clk 00:00:16]}
{[%emt 00:00:12]} 42. Rg1 {[%clk 00:00:21]} {[%emt 00:00:11]} Qh3 {[%clk
00:00:16]} {[%emt 00:00:09]} 43. Kb1 {[%clk 00:00:19]} {[%emt 00:00:34]} Qh2
{[%clk 00:00:16]} {[%emt 00:00:08]} 44. a3 {[%clk 00:00:19]} {[%emt 00:00:08]}
Be3 {[%clk 00:00:15]} {[%emt 00:00:12]} 45. Rg2 {[%clk 00:00:19]} {[%emt
00:00:04]} Qh1+ {[%clk 00:00:15]} {[%emt 00:00:05]} 46. Ka2 {[%clk 00:00:19]}
{[%emt 00:00:02]} Qd1 {[%clk 00:00:15]} {[%emt 00:00:02]} 47. Qc2 {[%clk
00:00:19]} {[%emt 00:00:04]} Qh5 {[%clk 00:00:15]} {[%emt 00:00:09]} 48. Rh2
{[%clk 00:00:19]} {[%emt 00:00:04]} Qe8 {[%clk 00:00:15]} {[%emt 00:00:06]} 49.
h8=Q {[%clk 00:00:19]} {[%emt 00:00:03]} Qb5 {[%clk 00:00:15]} 50. Rh1 {[%clk
00:00:19]} {[%emt 00:00:07]} Bf4 {[%clk 00:00:15]} {[%emt 00:00:05]} 51. Qh3
{[%clk 00:00:19]} {[%emt 00:00:05]} Qc6 {[%clk 00:00:15]} {[%emt 00:00:05]} 52.
Qhd3 {[%clk 00:00:19]} {[%emt 00:00:04]} Bc7 {[%clk 00:00:15]} {[%emt
00:00:07]} 53. Qdd1 {[%clk 00:00:19]} {[%emt 00:00:06]} b5 {[%emt 00:00:03]} 54.
b3 {[%clk 00:00:19]} {[%emt 00:00:04]} Bd6 {[%clk 00:00:15]} {[%emt 00:00:06]}
55. bxa4 {[%clk 00:00:19]} {[%emt 00:00:03]} Be7 {[%clk 00:00:14]} {[%emt
00:00:11]} 56. axb5 {[%clk 00:00:19]} {[%emt 00:00:05]} Qd6 {[%clk 00:00:14]}
{[%emt 00:00:02]} 57. Qa4+ {[%clk 00:00:19]} {[%emt 00:00:02]} Kb8 {[%clk
00:00:14]} 58. Rh8+ {[%clk 00:00:19]} {[%emt 00:00:03]} Bf8 {[%clk 00:00:14]}
59. Qf3 {[%clk 00:00:19]} {[%emt 00:00:07]} Kc7 {[%clk 00:00:14]} {[%emt
00:00:09]} 60. Qa7+ {[%clk 00:00:19]} {[%emt 00:00:02]} 1-0